[Event "Harrogate 4NCL op-B 31st"]
[Site "Harrogate"]
[Date "2024.01.20"]
[Round "3"]
[White "Ashcroft, Graham J"]
[Black "Howorth, James"]
[Result "0-1"]
[WhiteElo "1854"]
[BlackElo "1691"]
[PlyCount "72"]
[EventDate "2024.01.19"]
[EventType "swiss"]
[EventRounds "5"]
[EventCountry "ENG"]
[SourceTitle "CB06_2024"]
[SourceDate "2024.02.07"]
[SourceVersion "1"]
[SourceVersionDate "2024.02.07"]
[SourceQuality "1"]

1. c4 Nf6 2. g3 e6 3. Nf3 d5 4. b3 c5 5. Bb2 Nc6 6. e3 Be7 7. Bg2 0-0 8. 0-0 Re8 9. Nc3 d4 10. exd4 cxd4 11. Nb5 e5 12. Re1 a6 13. Na3 Bg4 14. h3 Bxf3 15. Bxf3 Qc7 16. Nc2 Rad8 17. d3 h6 18. a3 Nh7 19. b4 f5 20. Rc1 Bg5 21. Rb1 Kh8 22. Bd5 f4 23. h4 Bf6 24. Kg2 fxg3 25. fxg3 Rf8 26. Qh5 Be7 27. Be4 Nf6 28. Qg6 Bxb4 29. axb4 Ne7 30. Re2 Nxg6 31. Bxg6 Qc6+ 32. Be4 Nxe4 33. Rxe4 Rf7 34. Rbe1 Rdf8 35. R1e2 Rf5 36. Bc1 Qf6 0-1

[Event "Daventry 4NCL op-B 30th"]
[Site "Daventry"]
[Date "2023.06.17"]
[Round "3"]
[White "Ashcroft, Graham J"]
[Black "Lawrence, Spencer"]
[Result "1/2-1/2"]
[WhiteElo "1921"]
[BlackElo "1800"]
[PlyCount "44"]
[EventDate "2023.06.16"]
[EventType "swiss"]
[EventRounds "5"]
[EventCountry "ENG"]
[SourceTitle "CBM 215 Extra"]
[Source "ChessBase"]
[SourceDate "2023.09.30"]
[SourceVersion "1"]
[SourceVersionDate "2023.09.30"]
[SourceQuality "1"]

1. c4 Nf6 2. g3 g6 3. Bg2 Bg7 4. Nc3 c6 5. e4 d6 6. Nge2 Bg4 7. h3 Bd7 8. 0-0 Na6 9. d4 e5 10. Be3 Nc7 11. Qd2 h5 12. Rad1 Qe7 13. b4 0-0-0 14. d5 Kb8 15. Bg5 cxd5 16. exd5 Bf5 17. Rfe1 Qd7 18. h4 Rc8 19. Rc1 Bh3 20. Bxf6 Bxf6 21. Kh2 Bxg2 22. Kxg2 Bg7 1/2-1/2

[Event "Harrogate 4NCL op-B 29th"]
[Site "Harrogate"]
[Date "2023.01.21"]
[Round "3"]
[White "Ashcroft, Graham J"]
[Black "Lawrence, Spencer"]
[Result "1-0"]
[WhiteElo "1959"]
[BlackElo "1774"]
[PlyCount "51"]
[EventDate "2023.01.20"]
[EventType "swiss"]
[EventRounds "5"]
[EventCountry "ENG"]
[SourceTitle "CBM 212 Extra"]
[Source "ChessBase"]
[SourceDate "2023.03.31"]
[SourceVersion "1"]
[SourceVersionDate "2023.03.31"]
[SourceQuality "1"]

1. f4 d5 2. Nf3 Nc6 3. e3 Bg4 4. Bb5 a6 5. Ba4 b5 6. Bb3 e6 7. 0-0 d4 8. d3 Bc5 9. e4 Nf6 10. Nbd2 Qd7 11. h3 Bxf3 12. Nxf3 0-0-0 13. Bd2 h5 14. Qe1 Qe7 15. a4 b4 16. a5 Kb7 17. Ra4 Nd7 18. e5 Nf8 19. Qe4 f5 20. exf6 gxf6 21. Bc4 Qd7 22. Re1 f5 23. Qe2 Ne5 24. Qxe5 Qxa4 25. Qxc5 Nd7 26. Qxb4+ 1-0

[Event "GBR-ch Soanes op 106th"]
[Site "Torquay"]
[Date "2019.07.28"]
[Round "4"]
[White "Troughton, Nial"]
[Black "Ashcroft, Graham J"]
[Result "0-1"]
[WhiteElo "1566"]
[BlackElo "1797"]
[PlyCount "66"]
[EventDate "2019.07.26"]
[EventType "swiss"]
[EventRounds "5"]
[EventCountry "ENG"]
[SourceTitle "EXT 2021"]
[Source "ChessBase"]
[SourceDate "2020.10.23"]
[SourceVersion "1"]
[SourceVersionDate "2020.10.23"]
[SourceQuality "1"]

1. e4 e6 2. d4 d5 3. Nc3 Bb4 4. e5 c5 5. a3 Bxc3+ 6. bxc3 Ne7 7. h4 Nbc6 8. Nf3 Bd7 9. Bd3 Qc7 10. 0-0 h6 11. Re1 c4 12. Bf1 0-0 13. Bf4 f5 14. Qd2 Kh7 15. Be2 Be8 16. Nh2 Ng6 17. g3 Nxf4 18. Qxf4 Qe7 19. Nf3 Bh5 20. Nh2 Bxe2 21. Rxe2 g5 22. hxg5 hxg5 23. Qe3 Kg6 24. f4 g4 25. Rg2 Rh8 26. Kf2 Rh3 27. Qe2 Rah8 28. Ke3 a6 29. Nf1 Na7 30. Kd2 Rh1 31. Rh2 R8xh2 32. Nxh2 Rxa1 33. Nxg4 Qxa3 0-1

[Event "Harrogate 4NCL op-B 17th"]
[Site "Harrogate"]
[Date "2018.01.20"]
[Round "2"]
[White "McKerracher, Douglas"]
[Black "Ashcroft, Graham J"]
[Result "1/2-1/2"]
[WhiteElo "1912"]
[BlackElo "1824"]
[PlyCount "102"]
[EventDate "2018.01.19"]
[EventType "swiss"]
[EventRounds "5"]
[EventCountry "ENG"]
[SourceTitle "CBM 182 Extra"]
[Source "ChessBase"]
[SourceDate "2018.02.23"]
[SourceVersion "1"]
[SourceVersionDate "2018.02.23"]
[SourceQuality "1"]

1. e4 e6 2. d3 c5 3. Nd2 Nc6 4. Ngf3 Nf6 5. g3 Be7 6. Bg2 0-0 7. 0-0 d5 8. Re1 b6 9. Qe2 Bb7 10. e5 Nd7 11. Nf1 Qc7 12. Bf4 h6 13. h4 Rac8 14. N1h2 Ba6 15. c3 Rfe8 16. Ng4 Bf8 17. Rad1 Ne7 18. Nf6+ gxf6 19. exf6 Qd8 20. fxe7 Qxe7 21. Bh3 Bg7 22. Qd2 Qf6 23. Be5 Qxf3 24. Bxg7 Kxg7 25. Re3 Qf6 26. Qe2 Re7 27. Rf3 Qg6 28. Bf5 exf5 29. Qxe7 Qe6 30. Re1 Qxe7 31. Rxe7 Nf6 32. Rxa7 Bb5 33. Rb7 Rc6 34. b3 c4 35. dxc4 dxc4 36. Rxf5 Ba6 37. Ra7 Bc8 38. Rf3 Be6 39. b4 Rd6 40. Re3 Rd1+ 41. Kg2 Bd5+ 42. f3 Ng4 43. Ree7 Rd2+ 44. Kg1 Nf2 45. Rad7 Nh3+ 46. Kf1 Kf6 47. Rxf7+ Kg6 48. Rg7+ Kf6 49. Rh7 Kg6 50. Rhe7 Kf6 51. Rf7+ Kg6 1/2-1/2